Situational Grammer/ (Record no. 210717)

MARC details
000 -LEADER
fixed length control field 00591nam a22001937a 4500
005 - DATE AND TIME OF LATEST TRANSACTION
control field 20250403125200.0
010 ## - LCCN (DPL NO)
LC control number ENG-144424
020 ## - INTERNATIONAL STANDARD BOOK NUMBER
Terms of availability 350.00
035 ## - SYSTEM CONTROL NUMBER
System control number EN-127956
037 ## - SOURCE OF ACQUISITION
Source of stock number/acquisition DBAD
082 ## - DEWEY DECIMAL CLASSIFICATION NUMBER
Classification number 488
100 ## - MAIN ENTRY--PERSONAL NAME
Personal name Dubbrovin, M.I.
245 ## - TITLE STATEMENT
Title Situational Grammer/
Statement of responsibility, etc M.I. Dubbrovin
250 ## - EDITION STATEMENT
Edition statement 11
260 ## - PUBLICATION, DISTRIBUTION, ETC. (IMPRINT)
Name of publisher, distributor, etc Visalaandhra Publishing House
Date of publication, distribution, etc 2016
Place of publication, distribution, etc Vijaywada
270 ## - ADDRESS
Address 33-22-2 Chandram Buildings
City Vijaywada Visakhapatnam, Ananthapuram
Postal code 520004
Telephone number 0866-2430302
Electronic mail address vphpublish@gmail.com
300 ## - PHYSICAL DESCRIPTION
Extent 416p.
Dimensions 25cm (hb)
942 ## - ADDED ENTRY ELEMENTS (KOHA)
Source of classification or shelving scheme Dewey Decimal Classification
Item type English Books
Classification part 488
Call number suffix DUB
Holdings
Withdrawn status Lost status Not for loan Collection code Home library Current library Date acquired Source of acquisition Cost, normal purchase price Full call number Barcode Copy number Cost, replacement price Koha item type
    Not For Loan Non-fiction D.B.Act.Division D.B.Act.Division 03/04/2025 Delivery of Books Act Division 350.00 488 DUB EN-127956 1 350.00 English Books

© Delhi Public Library
Hit Counter
free hit counter